000 00727nam a2200229Ia 4500
003 GCL
008 140319s9999 xx 000 0 ara d
040 _aGCL /
_cGCL
082 0 4 _a239
_bط س
100 1 _aالطبرى، ابوجعفر محمد بن جرير، 839-923 م
245 1 0 _aالسيرة النبوية /
_cالطبرى، ابوجعفر محمد بن جرير، 839-923 م
700 1 _aجمال بدران
260 _a[S.N] :
_bالدار المصرية اللبنانية ،
_c1993
300 _a405 ص
490 _a
650 0 4 _aالاسلام
650 0 4 _aالسيرة النبوية
650 0 4 _aالحديث
650 0 4 _aغزوات النبى
650 0 4 _aالعلوم
942 _2ddc
_cBK
999 _c31850
_d31850